00717nam a22002057a 4500003000900000005001700009008004100026040002500067082001500092100003400107245007100141260003800212300002800250504002600278590002700304910001400331942001400345952013500359999001700494DO-SdBNP20220512093824.0180709s1990 dr d d p 000 0 spa d aDO-SdBNPbspacBNPHU axxxbM339g1 aMariano, Félix975258cLic.10aGeometría 2 :bsegundo curso de bachillerato /cFélix Mariano. aSanto Domingo, :bSusaeta,c1990. a219 p. ;bgraf.c25 cm. aBibliografía p: 216 aInventariado, 2022/ YL aYLockward 2ddccLBS1 00102ddc53708CIJ-PDaBNPHUbBNPHUcCTd2021-01-05eInés Manuela Pimenteloxxx M339gp2022-2017r2022-05-12w2022-05-12yLBS1 c51701d51701